| 000 | 01208nam a2200217Ia 4500 | ||
|---|---|---|---|
| 999 |
_c40198 _d40198 |
||
| 003 | OSt | ||
| 005 | 20210217123910.0 | ||
| 008 | 160316s2014 xxu||||| |||| 00| 0 eng d | ||
| 020 | _a9780198703846 | ||
| 040 | _cn | ||
| 082 |
_a343.072100 _bSOK |
||
| 100 | _aSokol D Daniel | ||
| 245 | _aGlobal antitrust compliance handbook | ||
| 260 |
_aOxford _bOxford University Press _c2014 |
||
| 300 |
_a878p _clxxv |
||
| 365 | _b Rs. 16,027 | ||
| 505 | _aContents: WESTERN HEMISPHERE 1. Argentina 2. Brazil 3. Canada 4. Chile 5. Colombia 6. Mexico 7. Peru 8. United States ASIA AND PACIFIC 9. Australia 10. China 11. Hong Kong 12. India 13. Israel 14. Japan 15. New Zealand 16. South Korea 17. Taiwan 18. Turkey EUROPE 19. Austria 20. Czech Republic 21. Denmark 22. Estonia 23. European Union 24. Finland 25. France 26. Germany 27. Greece 28. Hungary 29. Ireland 30. Italy 31. Latvia 32. Lithuania 33. Netherlands 34. Norway 35. Poland 36. Portugal 37. Romania 38. Russia 39. Spain 40. Sweden 41. Switzerland 42. United Kingdom AFRICA 43. South Africa | ||
| 650 | _a1. Antitrust Law - International Law | ||
| 700 |
_aCrane Daniel _aEzrachi Ariel |
||
| 942 |
_2ddc _cBK |
||